Gentilicios del Mundo en un Mapa - Estadísticas

Estadísticas generales
  • Esta prueba ha sido intentada 343 veces
  • La puntuación promedio es 114 de 196
Respuestas en el mapa
Las respuestas están codificadas por una escala verde-roja en el mapa de la prueba según el % correcto abajo.
 
Estadísticas de respuestas
Gentilicio % Correcto
Mexicano
97%
Estadounidense
96%
Brasileño
95%
Canadiense
95%
Francés
94%
Ruso
94%
Argentino
93%
Chileno
93%
Español
93%
Colombiano
92%
Irlandés
92%
Italiano
92%
Peruano
92%
Portugués
92%
Venezolano
92%
Boliviano
91%
Chino
91%
Noruego
91%
Uruguayo
91%
Alemán
90%
Danés
90%
Paraguayo
90%
Sueco
90%
Suizo
90%
Cubano
89%
Finlandés
89%
Ecuatoriano
88%
Indio
88%
Islandés
88%
Japonés
87%
Belga
86%
Hondureño
86%
Polaco
86%
Turco
86%
Austriaco
85%
Egipcio
85%
Panameño
85%
Rumano
85%
Ucraniano
85%
Australiano
84%
Eslovaco
84%
Griego
84%
Croata
83%
Mongol
83%
Albanés
82%
Bielorruso
82%
Checo
82%
Dominicano
82%
Guatemalteco
82%
Letón
82%
Marroquí
82%
Húngaro
80%
Iraní
80%
Lituano
80%
Serbio
80%
Búlgaro
79%
Estonio
79%
Salvadoreño
79%
Sudafricano
79%
Esloveno
78%
Irakí
77%
Nicaragüense
77%
Norcoreano
77%
Surcoreano
77%
Bosnio
76%
Jamaicano
74%
Nigeriano
74%
Sirio
74%
Costarricense
73%
Pakistaní
73%
Tailandés
73%
Argelino
72%
Haitiano
72%
Israelí
72%
Moldavo
72%
Armenio
71%
Nepalí
71%
Saudí
71%
Somalí
71%
Británico
70%
Indonesio
70%
Afgano
69%
Libio
69%
Georgiano
68%
Macedonio
68%
Neerlandés
68%
Vietnamita
68%
Filipino
67%
Catarí
66%
Yemení
65%
Jordano
64%
Omaní
64%
Angoleño
62%
Etíope
62%
Congoleño
61%
Ecuatoguineano
61%
Bissau-guineano
60%
Guineano
60%
Maltés
60%
Libanés
59%
Neozelandés
59%
Senegalés
59%
Camboyano
58%
Kazajo
58%
Montenegrino
58%
Sudanés
58%
Luxemburgués
57%
Malasia
56%
Taiwanés
56%
Andorrano
55%
Tunecino
55%
Uzbeko
55%
Guyanés
54%
Azerbaiyano
53%
Ghanés
53%
Mauritano
53%
Bahameño
52%
Camerunés
51%
Namibio
51%
Chipriota
50%
Keniano
48%
Kosovar
48%
Surinamés
48%
Ugandés
48%
Beliceño
47%
Butanés
47%
Kuwaití
47%
Birmano
44%
Eritreo
44%
Kirguiso
44%
Marfileño
44%
Mozambiqueño
44%
Emiratí
43%
Papú
42%
Ruandés
42%
Sursudanés
42%
Turkmeno
42%
Zambiano
42%
Gabonés
41%
Bangladesí
40%
Liberiano
40%
Centroafricano
39%
Tanzano
39%
Botsuano
38%
Maliense
37%
Tayiko
36%
Fiyiano
35%
Gambiano
35%
Vaticano
35%
Maldivo
34%
Samoano
33%
Granadino
32%
Micronesio
32%
Chadiano
31%
Laosiano
31%
Sanmarinense
31%
Zimbabuense
31%
Caboverdiano
30%
Malaui
30%
Monegasco
30%
Nigerino
30%
Sierraleonés
29%
Yibutiano
28%
Barbadense
26%
Burundés
26%
Bareiní
25%
Beninés
23%
Comorense
23%
Malgache
23%
Mauriciano
23%
Kiribatiano
22%
Singapurense
22%
Trinitense
22%
Burkinés
21%
Antiguano
20%
Tongano
20%
Dominiqués
19%
Suazi
19%
Togolés
19%
Sanvicentino
18%
Lesotense
17%
Nauruano
17%
Ceilanés
16%
Tuvaluano
16%
Liechtensteiniano
15%
Santalucense
15%
Seychellense
14%
Sancristobaleño
13%
Marshalés
12%
Santotomense
12%
Salomonense
11%
Timorense
11%
Vanuatuense
10%
Bruneano
7%
Paluano
4%
No se encontraron pruebas coincidentes
Distribución de puntuación
Porcentaje de gente con cada puntuación
Porcentaje por número respondido
Historial de tus puntuaciones
No has intentado esta prueba.